Urodzeni w województwie lubuskim - nagła śmierć - Statystyki

Ogólne statystyki
  • Ten quiz został rozwiązany 66 razy
  • Średni wynik to 2 z 11
Answers on the Grid
Answers color-coded by a green-red scale on the quiz's grid according to % correct below.
Mandzio
Blowek
Maryla Rodowicz
Bartosz Zmarzlik
Dawid Kwiatkowski
Natalia Bukowiecka
Tomasz Lis
Zenon Martyniuk
Łukasz Fabiański
Olga Tokarczuk
Barbara Kurdej-Szatan
Sanah
Friz
Rezi
Sławomir Mentzen
Sylwester Wardęga
Kamil Glik
Piotr Żyła
Mariusz Wlazły
Zbigniew Wodecki
Aleksander Kwaśniewski
Dawid Podsiadło
Andrzej Wajda
Józef Młynarczyk
Ewelina Flinta
Adam Ostolski
Maciej Maleńczuk
Adam Wójcik
Weronika Nowakowska
Kazimierz Marcinkiewicz
Andrzej Rzońca
Zygmunt Bauman
 
Statystyki odpowiedzi
Odpowiedź % Poprawnych
Dawid Kwiatkowski
39%
Łukasz Fabiański
35%
Tomasz Lis
26%
Kazimierz Marcinkiewicz
20%
Maryla Rodowicz
20%
Ewelina Flinta
17%
Natalia Bukowiecka
17%
Olga Tokarczuk
15%
Blowek
11%
Mandzio
9%
Józef Młynarczyk
7%
Nie znaleziono quizów pasujących do podanych kryteriów
Rozkład punktacji
Procent ludzi z każdym wynikiem
Percentyl według liczby udzielonych odpowiedzi
Twoja historia wyników
Nie rozwiązałeś tego quizu